| 000 | 00926nam a22001937a 4500 | ||
|---|---|---|---|
| 005 | 20250203162759.0 | ||
| 010 | _aHIN-129409 | ||
| 020 |
_c299.00 _a9789357048859 |
||
| 035 | _aHN-101755 | ||
| 037 | _bDBAD | ||
| 082 |
_a613.7046 _2 |
||
| 100 |
_aदुधेलिया, विजयकुमार _977357 |
||
| 245 |
_aयोगशैली / _cविजयकुमार दुधेलिया |
||
| 250 | _aप्रथम | ||
| 260 |
_bब्लुरोज़ पब्लिशर्स _c2023 _aनोएडा (उ.प्र.) |
||
| 270 |
_aबी-6, ए बी ल वर्कस्पेस, रामनाथ गोएंका मार्ग, सेक्टर 4, नोएडा _bनोएडा (उ.प्र.) _e201301 _k8882898898 _minfo@bluerosepublishers.com |
||
| 300 |
_a154पृ. _c20सेमी.(अजिल्द) |
||
| 942 |
_2ddc _cHN _h613.7046 _mदुधेलि |
||
| 999 |
_c208919 _d208919 |
||